000 00338nam a22001457a 4500
999 _c15374
_d15374
020 _a9788182671942
082 _a920.894 812
_bINN/CA
100 _aInnocent
_93056
245 _aCancer Wardile Chiri
250 _a13
260 _aKozhikode
_bMathrubhumi Books
_c2017
300 _a128
650 _aMalayalam Memoir
_93057
942 _cBK